• 首页
  • 本馆介绍
  • 公告通知
  • 最新文献
  • 馆藏检索
  • 电子资源
  • 读者导购
  • 参考咨询
  • 我的图书馆
  • 登录
  • 详细信息显示
  • 放入我的书架
  • 预约/预借图书
  • 作者相关作品
  • 分类相关作品
  • 丛书相关作品
  • 出版社相关作品

书目信息

  • 表格格式
  • 工作单格式
  • 卡片格式
题名:
即兴键盘和声——陈老师教你边弹边唱(下)
    
 
作者: 陈欣若 著
分册: 下册  
出版信息: 北京   中央音乐学院出版社  
页数: 500页
开本: 24CM
丛书名:
单 册:
中图分类: J624.06
科图分类:
主题词: 器乐--理论 , 器乐--奏法 , 器乐--演奏
电子资源:
ISBN: 978-7-81096-661-0
000 00690nam0 2200205 450
001 2452121076
005 20241018081828.14
010    @a978-7-81096-661-0@dCNY130.00
100    @a20241017d km y0chiy0120 ea
101 0  @achi
200 1  @a即兴键盘和声——陈老师教你边弹边唱(下)@AJi Xing Jian Pan He Sheng——Chen Lao Shi Jiao Ni Bian Dan Bian Chang(Xia)@h下册@f陈欣若著@FChen Xin Ruo Zhu
210    @a北京@c中央音乐学院出版社
215    @a500页@d24CM
606 0  @a器乐@x理论
606 0  @a器乐@x奏法
606 0  @a器乐@x演奏
690    @aJ624.06@v4
701  0 @a陈欣若@AChen Xin Ruo@4著
801  0 @aCN@b大连网信软件有限公司图书馆·11@c20241018
905    @aZUCC@b1058399@dJ624.06@e640:1@f1
    
    即兴键盘和声——陈老师教你边弹边唱(下).下册/陈欣若著.-北京:中央音乐学院出版社
    500页;24CM
    
    
    ISBN 978-7-81096-661-0:CNY130.00
    
●
相关链接 在E读中查询图书 在五车中查询图书 在当当中查询图书 在豆瓣中查询图书


正题名:即兴键盘和声——陈老师教你边弹边唱(下)     索取号:J624.06/640:1         预约/预借

序号 登录号 条形码 馆藏地/架位号 状态 备注
1 1058399   210583992   密集书库-音乐系/ [索取号:J624.06/640:1] 在馆    
唐山师范学院图书馆 欢迎您!
大连网信软件有限公司© 版权所有